000 00272nam a2200097Ia 4500
008 200302s9999 xx 000 0 und d
100 _aFrancisco Asensio Cerver
245 _aArco Colour Collection Urban Architecture City Planning
260 _bPaco Asensio
300 _a159 P.,
999 _c5694
_d5694